000 00752nam a2200265Ia 4500
003 OSt
005 20221006160141.0
006 a|||||r|||| 00| 0
007 ta
008 221006b |||||||| |||| 00| 0 eng d
020 _a9781565913332
_c
_19.50
024 _a44,440
037 _bGift, KCC (Window on Korea)
_cTextual
040 _aEASL
_cEASL
_beng
041 _2eng
_aeng
082 _aN495, Q2
100 _aJin Whui-yeon
_9672109
245 0 _aCoexisting differences
_b Women artists in contemporary Korean art
260 _aSeoul
_bHollym
_c2012
300 _a176p.
_ccm.
490 _v KEL
650 _aKEL
942 _hN495, Q2
_cTEXL
_2CC
999 _c1112532
_d1112532